[Event "Sunningdale e2e4 op 04"]
[Site "Ascot"]
[Date "2014.04.21"]
[Round "8"]
[White "Pettersen, Joar Gullestad"]
[Black "Billett, Stephen"]
[Result "1-0"]
[WhiteElo "1987"]
[BlackElo "1622"]
[PlyCount "35"]
[EventDate "2014.04.17"]
[EventType "swiss"]
[EventRounds "9"]
[EventCountry "ENG"]
[SourceTitle "CBM 159 Extra"]
[Source "ChessBase"]
[SourceDate "2014.04.24"]
[SourceVersion "1"]
[SourceVersionDate "2014.04.24"]
[SourceQuality "1"]

1. d4 Nf6 2. c4 e6 3. g3 Bb4+ 4. Bd2 Bxd2+ 5. Qxd2 d6 6. Nc3 Nbd7 7. Nf3 b6 8. Bg2 Bb7 9. Qc2 c5 10. d5 exd5 11. Nh4 0-0 12. 0-0 Re8 13. Rad1 Qe7 14. Nf5 Qe6 15. cxd5 Nxd5 16. Bxd5 Bxd5 17. Rxd5 Nf6 18. Rxd6 1-0

[Event "Sunningdale e2e4 U1800 op 04"]
[Site "Sunningdale"]
[Date "2014.04.19"]
[Round "4"]
[White "Catalano, Enzo"]
[Black "Billett, Stephen"]
[Result "1-0"]
[WhiteElo "1551"]
[BlackElo "1622"]
[PlyCount "41"]
[EventDate "2014.04.17"]
[EventType "swiss"]
[EventRounds "7"]
[EventCountry "ENG"]
[SourceTitle "EXT 2015"]
[Source "ChessBase"]
[SourceDate "2014.11.20"]
[SourceVersion "1"]
[SourceVersionDate "2014.11.20"]
[SourceQuality "1"]

1. e4 e6 2. d4 d5 3. Nc3 Bb4 4. e5 c5 5. a3 cxd4 6. axb4 dxc3 7. b3 Nc6 8. Bb5 Nge7 9. Qg4 Qb6 10. Bxc6+ bxc6 11. Be3 Qc7 12. Nf3 Ng6 13. 0-0 a5 14. Bc5 Ba6 15. Rfe1 Bb5 16. Ra3 Kd7 17. Bd6 Qb6 18. Rea1 Be2 19. Qd4 Qd8 20. Rxa5 Bxf3 21. Rxa8 1-0

[Event "London e2e4 Diamond Jubilee op-B"]
[Site "London"]
[Date "2012.06.04"]
[Round "5"]
[White "Homer, Neil S"]
[Black "Billett, Stephen"]
[Result "1-0"]
[WhiteElo "1603"]
[BlackElo "1691"]
[PlyCount "121"]
[EventDate "2012.06.02"]
[EventType "swiss"]
[EventRounds "7"]
[EventCountry "ENG"]
[SourceTitle "EXT 2014"]
[Source "ChessBase"]
[SourceDate "2013.11.20"]
[SourceVersion "1"]
[SourceVersionDate "2013.11.20"]
[SourceQuality "1"]

1. Nf3 d5 2. d4 Nf6 3. c4 c6 4. e3 Bf5 5. Nc3 e6 6. Qb3 Qc7 7. Ne5 Nbd7 8. f4 Nxe5 9. fxe5 Ne4 10. Nxe4 Bxe4 11. Bd2 Be7 12. Rg1 0-0 13. 0-0-0 b5 14. c5 a5 15. Bd3 Bxd3 16. Qxd3 Rfb8 17. g4 b4 18. g5 a4 19. h4 a3 20. b3 Bxc5 21. dxc5 Qxe5 22. Qd4 Qf5 23. Rdf1 Qg6 24. Rh1 Qh5 25. Bxb4 e5 26. Qd2 Qg4 27. Bc3 Qe4 28. Ba1 Ra4 29. Qc3 Rc4 30. bxc4 Rb1+ 31. Kd2 Qg2+ 32. Kd3 e4+ 33. Kd4 Rxf1 34. Rxf1 Qxf1 35. cxd5 Qd1+ 36. Kc4 Qa4+ 37. Qb4 Qc2+ 38. Bc3 Qxa2+ 39. Qb3 Qe2+ 40. Kb4 Qb5+ 41. Kxa3 Qxc5+ 42. Kb2 cxd5 43. Qb8+ Qf8 44. Qxf8+ Kxf8 45. Kb3 Ke7 46. Bxg7 Ke6 47. Kc3 Kf5 48. Kd4 Kg4 49. Kxd5 Kxh4 50. Bf6 Kh5 51. Kxe4 Kg6 52. Ke5 h6 53. gxh6 Kxh6 54. Kf5 Kh5 55. e4 Kh6 56. e5 Kh7 57. Kg5 Kg8 58. Kh6 Kf8 59. Kh7 Ke8 60. Kg7 Kd7 61. Kxf7 1-0

[Event "London e2e4 Diamond Jubilee op-B"]
[Site "London"]
[Date "2012.06.03"]
[Round "2"]
[White "Billett, Stephen"]
[Black "Roberts, Christine"]
[Result "1-0"]
[WhiteElo "1691"]
[BlackElo "1310"]
[PlyCount "73"]
[EventDate "2012.06.02"]
[EventType "swiss"]
[EventRounds "7"]
[EventCountry "ENG"]
[SourceTitle "EXT 2014"]
[Source "ChessBase"]
[SourceDate "2013.11.20"]
[SourceVersion "1"]
[SourceVersionDate "2013.11.20"]
[SourceQuality "1"]

1. e4 e5 2. Nf3 Nc6 3. Bb5 Nf6 4. 0-0 Bc5 5. c3 a6 6. Ba4 b5 7. Bc2 0-0 8. d4 exd4 9. cxd4 Ba7 10. Nc3 d6 11. Bg5 Re8 12. Nd5 Re6 13. Nxf6+ gxf6 14. Bh6 Re8 15. Nh4 Ne7 16. Qf3 Ng6 17. Nxg6 fxg6 18. e5 Be6 19. Rfd1 f5 20. d5 dxe5 21. dxe6 Qf6 22. Rd7 Bc5 23. Rxc7 Bf8 24. Bxf8 Rxf8 25. Qh3 h5 26. Rd1 Rfc8 27. Qc3 Re8 28. Rdd7 Qg5 29. Qxe5 Qc1+ 30. Rd1 Qh6 31. Bb3 Re7 32. Rxe7 Qf8 33. Red7 Re8 34. e7+ Qf7 35. Bxf7+ Kxf7 36. R1d6 Kg8 37. Rxg6+ 1-0

[Event "London e2e4 Diamond Jubilee op-B"]
[Site "London"]
[Date "2012.06.02"]
[Round "1"]
[White "Altman, Joshua"]
[Black "Billett, Stephen"]
[Result "1-0"]
[WhiteElo "1446"]
[BlackElo "1691"]
[PlyCount "103"]
[EventDate "2012.06.02"]
[EventType "swiss"]
[EventRounds "7"]
[EventCountry "ENG"]
[SourceTitle "EXT 2014"]
[Source "ChessBase"]
[SourceDate "2013.11.20"]
[SourceVersion "1"]
[SourceVersionDate "2013.11.20"]
[SourceQuality "1"]

1. c4 e5 2. g3 Nc6 3. Bg2 g6 4. Nc3 Bg7 5. Rb1 d6 6. b4 Nf6 7. d3 0-0 8. Nf3 Rb8 9. b5 Ne7 10. 0-0 Bd7 11. Bg5 c6 12. a4 d5 13. Nxe5 Bf5 14. bxc6 dxc4 15. Nxc4 Nxc6 16. Qd2 Qd7 17. Rfe1 Rfe8 18. Ne3 Bh3 19. Bh1 Rbc8 20. Ncd5 Nxd5 21. Nxd5 Re6 22. Nf4 Re5 23. Nxh3 Qxh3 24. Bg2 Qg4 25. Bf4 Re7 26. h3 Qd7 27. Rb5 b6 28. Rd5 Qe8 29. e3 Na5 30. d4 Qxa4 31. Rc1 Rxc1+ 32. Qxc1 Bf8 33. Bd6 Re8 34. Bxf8 Kxf8 35. Qc7 Nc6 36. Rd7 Ne7 37. Qxa7 Qxa7 38. Rxa7 Rb8 39. Ra3 Nc8 40. Kf1 Nd6 41. Ke2 Ke7 42. Kd3 Kd7 43. e4 Rc8 44. e5 Nf5 45. d5 Rc1 46. Ra7+ Kc8 47. Rxf7 Rd1+ 48. Ke2 Rg1 49. Bf3 Nd4+ 50. Ke3 Nf5+ 51. Kf4 Re1 52. Rxh7 1-0

[Event "High Wycombe e2e4 Intermediate op 03"]
[Site "High Wycombe"]
[Date "2012.03.16"]
[Round "1"]
[White "Wright, Jonathan"]
[Black "Billett, Stephen"]
[Result "0-1"]
[WhiteElo "1829"]
[BlackElo "1671"]
[PlyCount "44"]
[EventDate "2012.03.16"]
[EventType "swiss"]
[EventRounds "5"]
[EventCountry "ENG"]
[SourceTitle "EXT 2014"]
[Source "ChessBase"]
[SourceDate "2013.11.20"]
[SourceVersion "1"]
[SourceVersionDate "2013.11.20"]
[SourceQuality "1"]

1. e4 e6 2. d4 d5 3. Nd2 Nf6 4. e5 Nfd7 5. Ngf3 c5 6. c3 Nc6 7. Nb3 cxd4 8. cxd4 f6 9. exf6 Nxf6 10. Bd3 Bd6 11. 0-0 0-0 12. Re1 Qc7 13. Qe2 Bd7 14. Ne5 Rae8 15. Bd2 Qb6 16. Bc3 Nb4 17. Nxd7 Nxd7 18. Bb5 Nc6 19. Ba5 Nxa5 20. Bxd7 Nxb3 21. Bxe8 Nxd4 22. Qh5 Nc2 0-1

[Event "Gatwick e2e4 int op-B"]
[Site "Gatwick"]
[Date "2011.10.30"]
[Round "9"]
[White "Boudkeev, Timour"]
[Black "Billett, Stephen"]
[Result "1-0"]
[WhiteElo "1874"]
[BlackElo "1644"]
[PlyCount "71"]
[EventDate "2011.10.26"]
[EventType "swiss"]
[EventRounds "9"]
[EventCountry "ENG"]
[SourceTitle "EXT 2014"]
[Source "ChessBase"]
[SourceDate "2013.11.20"]
[SourceVersion "1"]
[SourceVersionDate "2013.11.20"]
[SourceQuality "1"]

1. d4 Nf6 2. c4 e6 3. Nc3 Bb4 4. Bd2 b6 5. Nf3 Bb7 6. e3 0-0 7. Bd3 c5 8. Nb5 Bxd2+ 9. Qxd2 cxd4 10. Nbxd4 d6 11. Nb5 d5 12. cxd5 Nxd5 13. 0-0 Nd7 14. Nd6 Qc7 15. Nxb7 Qxb7 16. e4 Ne7 17. e5 Ng6 18. Bxg6 hxg6 19. Rfd1 Nc5 20. Qg5 Qe4 21. Rd4 Qf5 22. Qe3 Rfd8 23. Rad1 Rxd4 24. Qxd4 Qe4 25. Qd2 Rc8 26. Qd8+ Rxd8 27. Rxd8+ Kh7 28. Ng5+ Kh6 29. Nxe4 Nxe4 30. Rd7 a6 31. Rxf7 Nc5 32. Re7 g5 33. b4 Nd3 34. Rxe6+ Kh5 35. Rxb6 Nxe5 36. Rxa6 1-0

[Event "Gatwick e2e4 int op-B"]
[Site "Gatwick"]
[Date "2011.10.30"]
[Round "8"]
[White "Kalaiyalahan, Akshaya"]
[Black "Billett, Stephen"]
[Result "0-1"]
[WhiteElo "1684"]
[BlackElo "1644"]
[PlyCount "40"]
[EventDate "2011.10.26"]
[EventType "swiss"]
[EventRounds "9"]
[EventCountry "ENG"]
[SourceTitle "EXT 2014"]
[Source "ChessBase"]
[SourceDate "2013.11.20"]
[SourceVersion "1"]
[SourceVersionDate "2013.11.20"]
[SourceQuality "1"]

1. c4 e5 2. Nc3 Nc6 3. e3 g6 4. d4 exd4 5. exd4 Bg7 6. d5 Ne5 7. f4 Nxc4 8. Bxc4 d6 9. Nf3 a6 10. 0-0 Ne7 11. Be3 Nf5 12. Bf2 0-0 13. Nd4 Re8 14. Nxf5 Bxf5 15. Bd4 b5 16. Bb3 Qe7 17. Bxg7 Qe3+ 18. Kh1 Kxg7 19. Nb1 Bd3 20. Rf3 Qe1+ 0-1

[Event "Gatwick e2e4 int op-B"]
[Site "Gatwick"]
[Date "2011.10.29"]
[Round "6"]
[White "Billett, Stephen"]
[Black "Jennings, Richard"]
[Result "0-1"]
[WhiteElo "1644"]
[BlackElo "1705"]
[PlyCount "116"]
[EventDate "2011.10.26"]
[EventType "swiss"]
[EventRounds "9"]
[EventCountry "ENG"]
[SourceTitle "EXT 2014"]
[Source "ChessBase"]
[SourceDate "2013.11.20"]
[SourceVersion "1"]
[SourceVersionDate "2013.11.20"]
[SourceQuality "1"]

1. e4 e5 2. Nf3 Nf6 3. Nc3 Nc6 4. Bc4 Be7 5. 0-0 d6 6. d4 Bg4 7. d5 Nd4 8. Be2 Nxe2+ 9. Qxe2 c6 10. Bg5 Nxd5 11. Nxd5 cxd5 12. Bxe7 Bxf3 13. Qxf3 Qxe7 14. exd5 0-0 15. c4 Rfc8 16. Qe4 g6 17. b3 f5 18. Qe3 Kg7 19. Rfe1 Rc5 20. Rac1 Rac8 21. g3 a6 22. Qc3 Qf6 23. Qe3 h6 24. h4 Qd8 25. a3 Qc7 26. a4 b5 27. axb5 axb5 28. Ra1 Rb8 29. Kg2 bxc4 30. bxc4 Rxc4 31. Ra7 Rb7 32. Rea1 Rd4 33. Rxb7 Qxb7 34. Kh3 Qxd5 35. Qc3 Rc4 36. Qe3 Rc7 37. Qb6 Qc6 38. Qxc6 Rxc6 39. Ra7+ Kf6 40. Ra8 d5 41. Rf8+ Ke7 42. Rh8 h5 43. Rh7+ Kd6 44. Rg7 Kc5 45. Rb7 e4 46. Rb1 d4 47. Rc1+ Kd5 48. Rxc6 Kxc6 49. Kg2 d3 50. Kf1 Kd5 51. Ke1 Kd4 52. Kd2 Kc4 53. Kd1 Kc3 54. Kc1 d2+ 55. Kd1 Kd3 56. g4 fxg4 57. f3 e3 58. fxg4 e2# 0-1

[Event "Gatwick e2e4 int op-B"]
[Site "Gatwick"]
[Date "2011.10.29"]
[Round "7"]
[White "Billett, Stephen"]
[Black "Winter, Kevin"]
[Result "1/2-1/2"]
[WhiteElo "1644"]
[BlackElo "1859"]
[PlyCount "46"]
[EventDate "2011.10.26"]
[EventType "swiss"]
[EventRounds "9"]
[EventCountry "ENG"]
[SourceTitle "EXT 2014"]
[Source "ChessBase"]
[SourceDate "2013.11.20"]
[SourceVersion "1"]
[SourceVersionDate "2013.11.20"]
[SourceQuality "1"]

1. e4 e5 2. Nf3 d6 3. h3 g6 4. Bc4 Bg7 5. d3 Nf6 6. Nc3 c6 7. 0-0 0-0 8. Be3 b5 9. Bb3 a5 10. a3 Nbd7 11. Qd2 Bb7 12. Bh6 a4 13. Ba2 Nc5 14. Bxg7 Kxg7 15. Ne2 Bc8 16. Ng3 Bd7 17. Rfe1 Qc7 18. d4 exd4 19. Nxd4 h6 20. Re3 Qa5 21. Qe2 Qd8 22. e5 Ne8 23. Rf3 d5 1/2-1/2

[Event "Gatwick e2e4 int op-B"]
[Site "Gatwick"]
[Date "2011.10.27"]
[Round "3"]
[White "Pein, Jonathan"]
[Black "Billett, Stephen"]
[Result "0-1"]
[WhiteElo "1698"]
[BlackElo "1644"]
[PlyCount "52"]
[EventDate "2011.10.26"]
[EventType "swiss"]
[EventRounds "9"]
[EventCountry "ENG"]
[SourceTitle "EXT 2014"]
[Source "ChessBase"]
[SourceDate "2013.11.20"]
[SourceVersion "1"]
[SourceVersionDate "2013.11.20"]
[SourceQuality "1"]

1. e4 e6 2. d4 d5 3. e5 c5 4. c3 Nc6 5. Nf3 cxd4 6. cxd4 Nge7 7. Na3 Nf5 8. Nc2 Be7 9. Be2 0-0 10. 0-0 Bd7 11. Bd3 Rc8 12. g4 Nh4 13. Nxh4 Bxh4 14. g5 Bxg5 15. Qh5 Bh6 16. Bxh6 gxh6 17. Qxh6 f5 18. exf6 Rf7 19. Kh1 Qxf6 20. Bxh7+ Kh8 21. Bg6+ Kg8 22. Bxf7+ Kxf7 23. Qxf6+ Kxf6 24. Rac1 Be8 25. Nb4 Bh5 26. Nxc6 Bf3+ 0-1

[Event "Weymouth Minor op"]
[Site "Weymouth"]
[Date "2008.10.25"]
[Round "3"]
[White "Fowler, David J"]
[Black "Billett, Stephen"]
[Result "1/2-1/2"]
[WhiteElo "1496"]
[BlackElo "1168"]
[PlyCount "41"]
[EventDate "2008.10.24"]
[EventType "swiss"]
[EventRounds "5"]
[EventCountry "ENG"]
[SourceTitle "EXT 2011"]
[Source "ChessBase"]
[SourceDate "2010.11.26"]
[SourceVersion "1"]
[SourceVersionDate "2010.11.26"]
[SourceQuality "1"]

1. e4 e6 2. d4 d5 3. exd5 exd5 4. Bd3 Nf6 5. h3 c5 6. c3 cxd4 7. cxd4 Nc6 8. Nf3 Bb4+ 9. Bd2 Bxd2+ 10. Nbxd2 0-0 11. 0-0 Nb4 12. Bb1 Bd7 13. a3 Nc6 14. b4 Ne7 15. g4 Rc8 16. Bd3 Ng6 17. Bxg6 fxg6 18. Ne5 Rc3 19. f3 Bb5 20. Re1 Qd6 21. a4 1/2-1/2